000 00837nam a2200277Ia 4500
003 OSt
005 20220925212506.0
006 a|||||r|||| 00| 0
007 ta
008 220923b |||||||| |||| 00| 0 eng d
020 _a0043330177
037 _cGeneral Book
040 _aRTL
_cRTL
_beng
041 _2eng
_aeng
082 _aX:322.3.N7, M0
100 _aLichfield Nathaniel
_9249367
245 0 _aLand Policy in planning
260 _aLondon
_bAllen & Urwin
_c1980
300 _aviii,321p
_ccm.
490 _aUrban and Regional Studies. 8
500 _aBibliography: P 304-313; Appendix: P258-303
650 _aLand Rent Economics
_9235199
700 _a Darin-Drabkin Haim
_9276900
942 _hX:322.3.N7, M0
_cGB
_2CC
999 _c560503
_d560503